Early Sufi Women (Record no. 348215)
[ view plain ]
| 000 -LEADER | |
|---|---|
| fixed length control field | 00367 a2200133 4500 |
| 028 ## - PUBLISHER NUMBER | |
| Publisher number | Lahore |
| Source | Suhail Academy |
| 090 ## - LOCALLY ASSIGNED LC-TYPE CALL NUMBER (OCLC); LOCAL CALL NUMBER (RLIN) | |
| -- | 5816 |
| -- | 5816 |
| 100 ## - MAIN ENTRY--PERSONAL NAME | |
| Personal name | Early Sufi Women |
| 245 ## - TITLE STATEMENT | |
| Title | Early Sufi Women |
| Remainder of title | Dhikr an niswa al muta abbidat a sufiyyyat |
| 260 ## - PUBLICATION, DISTRIBUTION, ETC. | |
| Place of publication, distribution, etc. | Lahore |
| Name of publisher, distributor, etc. | Suhail Academy |
| Date of publication, distribution, etc. | 2005 |
| 300 ## - PHYSICAL DESCRIPTION | |
| Extent | 334 p. |
| 500 ## - GENERAL NOTE | |
| General note | Hard Cover |
| 942 ## - ADDED ENTRY ELEMENTS (KOHA) | |
| Institution code [OBSOLETE] | NBS |
| Koha item type | Book |
| Call number prefix | 297.4092 COR |
| Withdrawn status | Lost status | Damaged status | Not for loan | Permanent Location | Current Location | Date acquired | Total Checkouts | Full call number | Barcode | Date last seen | Date last checked out | Price effective from | Koha item type |
|---|---|---|---|---|---|---|---|---|---|---|---|---|---|
| Central Library (CL) | Central Library (CL) | 08/28/2013 | 1 | 297.4092 COR | NBSD-1544 | 09/22/2020 | 11/14/2018 | 08/28/2013 | Book | ||||
| Central Library (CL) | Central Library (CL) | 08/28/2013 | 1 | 297.4092 COR | NBSD-1543 | 12/13/2019 | 12/04/2019 | 08/28/2013 | Book |
